000
00249nam a22001217a 4500
020
_a
0-590-45260-6
082
_a
821
_b
POE/2
245
_a
THE RAVEN & OTHER POEMS
260
_a
USA
_b
SCHOLASTIC
300
_a
73
650
_a
POETRY
_z
USA
942
_c
BK
999
_c
3887
_d
3887